| 000 | 00430cam a2200169ua 4500 | ||
|---|---|---|---|
| 001 | 5132 | ||
| 008 | 120730n ii |||gr||||Z||||||eng | ||
| 040 | _cMAIN | ||
| 082 | _a823 | ||
| 100 |
_aShahane, Vasant A., _eEditor., |
||
| 245 | 1 | 1 |
_aAppproaches to E. M. Forster _cby Vasant A. Shahane |
| 250 | _a1st. | ||
| 260 |
_aNew Delhi: _bArnold Heinemann, _c1981. |
||
| 300 |
_a177p: _c23cm. |
||
| 653 | _aEnglish fiction | ||
| 942 | _cBK | ||
| 999 |
_c4314 _d4314 |
||